| 000 | 01774nam a22002417a 4500 | ||
|---|---|---|---|
| 999 |
_c56762 _d56762 |
||
| 003 | Ge_BSU | ||
| 005 | 20190421020035.0 | ||
| 008 | 190419s2009 ge ||||| |||| 00| 0 geo d | ||
| 020 | _a9789941409158 | ||
| 041 | _ageo | ||
| 080 | _a343.14 გ-69 | ||
| 100 |
_aგორგოშაძე, მურმან _9218 |
||
| 245 |
_aიურიდიული დოკუმენტის ცნება, სახეები და გაფორმების ზოგადი წესები / _cმურმან გორგოშაძე ; შოთა რუსთაველის სახელმწ. უნ-ტი, სოც. მეცნ., ბიზნესისა და სამართალმც. ფაკ., იურიდ. მეცნ. დეპარტამენტი. |
||
| 264 |
_aბათუმი : _bბათუმის უნ-ტის გამ-ბა, _c2009. |
||
| 300 |
_a40 გვ. ; _c20 სმ. |
||
| 490 |
_aსაგანმანათლებლო სერია / სამართალმცოდნეობის სპეციალობის სტუდენტის ბიბლიოთეკა, _v№ 4 _x1987-5894 ; |
||
| 504 | _aბიბლიოგრ.: გვ. 39. | ||
| 653 | _aსამართალი | ||
| 653 | _aიურიდიული დოკუმენტები | ||
| 710 |
_aშოთა რუსთაველის სახელმწიფო უნივერსიტეტი, _bსოც. მეცნ., ბიზნესისა და სამართალმც. ფაკულტეტი _9246 |
||
| 710 |
_bიურიდიულ მეცნიერებათა დეპარტამენტი _9247 |
||
| 942 |
_2udc _cBK |
||